[Event "CHI-ch Women 2020"]
[Site "Las Condes"]
[Date "2020.02.12"]
[Round "2.9"]
[White "Zuniga Lara, Catalina Paz"]
[Black "Abarca Gonzalez, Damaris"]
[Result "0-1"]
[WhiteElo "1712"]
[BlackElo "2056"]
[Annotator "TA"]
[PlyCount "138"]
[EventDate "2020.02.11"]
[EventType "tourn"]
[EventCountry "CHI"]
[SourceTitle "playchess.com"]
[Source "ChessBase"]
[SourceQuality "1"]

{[%evp 13,138,19,62,38,108,110,120,128,124,116,112,103,112,117,113,100,97,109,122,85,80,42,43,37,42,45,50,41,112,104,144,139,141,137,133,133,144,111,195,191,200,222,424,422,362,147,160,153,151,151,186,183,212,125,125,118,120,88,47,0,0,0,0,0,0,0,0,0,0,0,0,0,0,0,0,0,0,0,0,0,0,0,0,0,0,-461,0,-29962,-29962,-29961,0,0,0,-29961,-29962,-29955,-29964,-29964,-29964,-29966,-29964,-29973,-29974,-29973,-29974,-29975,-29976,-29980,-29981,-29984,-29978,-29978,-29979,-29979,-29979,-29980,-29979,-29982,-29983,-29983,-29984,-29984,-29985,-29986,-29987,-29990,-29991]} 1. d4 d5 2. Nf3 Bf5 3. c4 c6 4. Nc3 Nf6 5. Qb3 Qb6 6. Qxb6 axb6 7. cxd5 cxd5 8. Bf4 {D13: Slav Defence: Exchange variation without ...Bf5.} Na6 (8... e6 $14) 9. e3 Nb4 {Black wants to play ...Nc2+.} 10. Bb5+ {White is better.} Bd7 11. O-O e6 {[#]} 12. a3 $146 ({Predecessor:} 12. Bc7 Be7 13. a3 Na6 14. Bxb6 O-O 15. Ne5 Bxb5 16. Nxb5 Rfc8 17. Rac1 Ne4 18. Rfd1 {1-0 (39) Kapp,M (2233)-Elsing,J (2129) Berlin 2018}) 12... Na6 13. Rac1 Be7 14. Bxd7+ Nxd7 15. Nb5 O-O 16. Bc7 Rfc8 17. Ne5 Nxe5 18. dxe5 Nxc7 19. Nxc7 Rab8 20. Rc3 Bd8 (20... Bc5 $14 21. Nb5 Bf8) 21. Rfc1 $1 $16 Bxc7 22. Rxc7 Rxc7 23. Rxc7 {[%mdl 4096] Endgame KR-KR} g5 24. g4 Kg7 25. Kf1 Kg6 (25... b5 $16 {keeps fighting.}) 26. Ke2 $18 h6 27. Kd3 f5 $2 (27... b5 {was necessary.} 28. f4 Ra8) 28. Re7 fxg4 29. Rxe6+ (29. Kd4 $18 {and the rest is easy.}) 29... Kf5 $16 30. Rxb6 {And now Kd4 would win.} Kxe5 31. Rxh6 Rf8 32. Ke2 $1 Rc8 33. Rb6 (33. Kf1 $1 $18) 33... Rh8 34. Rxb7 Rxh2 {[#] With the idea ...g3.} 35. Kf1 $1 g3 36. Rf7 gxf2 37. Rxf2 Rh1+ 38. Kg2 Re1 39. Kf3 g4+ 40. Kxg4 Rxe3 41. Rf8 Rb3 42. Re8+ Kd4 43. Re2 Kd3 44. Kf3 d4 45. Rh2 Rb8 {Hoping for ...Rf8+.} 46. Kf4 $1 Re8 47. a4 $1 Ra8 48. a5 Rxa5 49. Rg2 $2 {[%mdl 8192]} (49. Rh3+ $11 {and White stays safe.} Kc2 50. Ke4) 49... Ra8 $2 (49... Rb5 $19 50. Rh2 Rb8) 50. Rh2 $2 {[%mdl 8192]} (50. Rg3+ $11 Kc4 51. b3+ Kc5 52. Ke4) 50... Re8 51. Rg2 Kc4 $2 (51... Re2 {mates} 52. Rg8 Rxb2 53. Ke5 Rb5+ 54. Kf4 Kd2 55. Kf3 d3 56. Rh8 Kd1 57. Rh7 d2 58. Ke4 Rb4+ 59. Kf5 Kc2 60. Rh2 Kc1 61. Rh1+ d1=Q 62. Rxd1+ Kxd1 63. Ke5 Kd2 64. Ke6 Kd3 65. Ke5 Rb5+ 66. Ke6 Kd4 67. Kf6 Re5 68. Kg6 Ke4 69. Kf6 Kf4 70. Kg6 Re6+ 71. Kf7 Kf5 72. Kg7 Re7+ 73. Kf8 Kf6 74. Kg8 Re8+ 75. Kh7 Rb8 76. Kh6 Rh8#) 52. Rc2+ $1 $11 Kd5 {aiming for ...Rf8+.} 53. Rd2 $2 {[%mdl 8192]} (53. Kf3 $11) 53... Rf8+ {Black mates.} 54. Kg3 Ke4 55. Re2+ {[#]} Kd3 $1 56. Re7 Kc2 57. Re2+ Kd1 58. Re7 d3 59. b4 Rf5 60. Kg2 d2 61. Ra7 Rb5 62. Kf2 Rxb4 63. Rc7 Rb6 64. Kg3 Rf6 65. Kg2 Rf5 66. Kg3 Ke2 67. Re7+ Kd3 68. Rd7+ Ke3 69. Kg2 Rf4 {Accuracy: White = 79%, Black = 77%.} 0-1

[Event "CHI-ch Women 2020"]
[Site "Las Condes"]
[Date "2020.02.12"]
[Round "2.10"]
[White "Melin Contreras, Valeria"]
[Black "Sanchez Tobar, Francisca Valentina"]
[Result "0-1"]
[WhiteElo "1685"]
[BlackElo "1757"]
[Annotator "NA RC"]
[PlyCount "76"]
[EventDate "2020.02.11"]
[EventType "tourn"]
[EventCountry "CHI"]
[SourceTitle "playchess.com"]
[Source "ChessBase"]
[SourceQuality "1"]
[TimeControl "5400+30"]

1. e4 {[%emt 0:00:00]} e5 {[%emt 0:00:19]} 2. d4 {[%emt 0:00:00]} exd4 {[%emt 0:00:29]} 3. Qxd4 {[%emt 0:00:00]} Nc6 {[%emt 0:00:08]} 4. Qe3 {[%emt 0:00:04]} Nf6 {[%emt 0:00:12]} 5. Nc3 {[%emt 0:00:09]} Bb4 {[%emt 0:00:23]} 6. Bd2 {[%emt 0:00:14]} O-O {[%emt 0:00:30]} 7. O-O-O {[%emt 0:00:25]} Re8 {[%emt 0:00:40]} 8. Qg3 {[%emt 0:06:48]} Rxe4 {[%emt 0:03:29]} 9. a3 {[%emt 0:10:19]} Rg4 {[%emt 0:06:01]} 10. Qe3 {[%emt 0:04:26]} Ba5 {[%emt 0:07:42]} 11. h3 {[%emt 0:00:00]} Rd4 {[%emt 0:01:25]} 12. Nf3 {[%emt 0:00:00]} Bxc3 {[%emt 0:05:27]} 13. Bxc3 Nd5 {[%emt 0:08:40]} 14. Qe1 {[%emt 0:04:34]} Rxd1+ {[%emt 0:00:22]} 15. Kxd1 {[%emt 0:06:38]} d6 {[%emt 0:02:18]} 16. Bd2 {[%emt 0:01:00]} Bf5 {[%emt 0:06:31]} 17. Bc4 {[%emt 0:05:00]} Nf6 {[%emt 0:06:01]} 18. Nh4 {[%emt 0:10:02]} Bd7 {[%emt 0:12:02]} 19. f4 Qf8 {[%emt 0:15:01]} 20. Bd3 {[%emt 0:18:54]} d5 {[%emt 0:00:00]} 21. Qf2 Re8 {[%emt 0:04:53]} 22. Re1 {[%emt 0:02:53]} Ne4 {[%emt 0:00:00]} 23. Bxe4 {[%emt 0:08:17]} dxe4 {[%emt 0:00:00]} 24. Bc3 {[%emt 0:06:04]} f5 {[%emt 0:00:23]} 25. Kc1 {[%emt 0:04:13]} Qe7 {[%emt 0:03:21]} 26. Re3 {[%emt 0:02:19]} Rf8 {[%emt 0:01:39]} 27. Nf3 {[%emt 0:04:28]} Be6 {[%emt 0:06:18]} 28. Ne5 Nxe5 {[%emt 0:00:00]} 29. Bxe5 {[%emt 0:01:00]} b6 {[%emt 0:00:12]} 30. Rg3 {[%emt 0:00:30]} g6 {[%emt 0:04:15]} 31. Rg5 {[%emt 0:03:00]} Kf7 {[%emt 0:00:18]} 32. Qh4 Kg8 {[%emt 0:00:42]} 33. Qf2 {[%emt 0:01:00]} Qd7 {[%emt 0:00:30]} 34. h4 {[%emt 0:01:11]} Kf7 {[%emt 0:01:41]} 35. h5 {[%emt 0:01:37]} Rd8 36. hxg6+ hxg6 {[%emt 0:01:46]} 37. b3 {[%emt 0:00:56]} Qd1+ {[%emt 0:00:06]} 38. Kb2 {[%emt 0:00:18]} Rd2 {[%emt 0:02:36]} 0-1

[Event "CHI-ch Women 2020"]
[Site "Las Condes"]
[Date "2020.02.13"]
[Round "3.6"]
[White "Sanchez Tobar, Francisca Valentina"]
[Black "Hormazabal Figueroa, Constanza Valentina"]
[Result "1/2-1/2"]
[WhiteElo "1757"]
[BlackElo "1786"]
[Annotator "NA RC"]
[PlyCount "98"]
[EventDate "2020.02.11"]
[EventType "tourn"]
[EventCountry "CHI"]
[SourceTitle "playchess.com"]
[Source "ChessBase"]
[SourceQuality "1"]
[TimeControl "5400+30"]

1. e4 {[%emt 0:00:11]} c5 {[%emt 0:00:00]} 2. Nc3 {[%emt 0:00:26]} Nc6 {[%emt 0:00:00]} 3. g3 {[%emt 0:00:16]} g6 {[%emt 0:00:06]} 4. Bg2 {[%emt 0:00:11]} Bg7 {[%emt 0:00:06]} 5. f4 {[%emt 0:00:39]} e6 {[%emt 0:00:44]} 6. Nf3 {[%emt 0:00:36]} Nge7 {[%emt 0:01:07]} 7. O-O {[%emt 0:01:05]} O-O {[%emt 0:00:11]} 8. d3 {[%emt 0:00:37]} a6 {[%emt 0:05:25]} 9. Rb1 {[%emt 0:02:14]} b5 {[%emt 0:00:38]} 10. Be3 {[%emt 0:00:52]} b4 {[%emt 0:03:08]} 11. Ne2 {[%emt 0:01:04]} Qa5 {[%emt 0:00:43]} 12. e5 {[%emt 0:03:54]} Rd8 {[%emt 0:02:40]} 13. Nd2 {[%emt 0:00:46]} Nf5 {[%emt 0:06:39]} 14. Bf2 {[%emt 0:01:34]} Qb5 {[%emt 0:01:18]} 15. Ne4 {[%emt 0:04:18]} Bf8 {[%emt 0:02:35]} 16. g4 {[%emt 0:01:50]} Ng7 {[%emt 0:00:44]} 17. Nf6+ {[%emt 0:06:48]} Kh8 {[%emt 0:00:11]} 18. Ng3 {[%emt 0:00:10]} d5 {[%emt 0:10:00]} 19. g5 {[%emt 0:08:35]} Ne8 {[%emt 0:05:46]} 20. Ng4 {[%emt 0:00:30]} Ne7 {[%emt 0:01:55]} 21. h4 {[%emt 0:08:48]} Nf5 {[%emt 0:03:40]} 22. h5 {[%emt 0:05:55]} Ra7 {[%emt 0:12:58]} 23. Nxf5 {[%emt 0:09:49]} exf5 {[%emt 0:00:59]} 24. Nh2 {[%emt 0:04:45]} Nc7 {[%emt 0:02:29]} 25. Bf3 {[%emt 0:08:11]} Ne6 {[%emt 0:02:16]} 26. Be3 {[%emt 0:01:24]} Rad7 {[%emt 0:07:47]} 27. Kf2 {[%emt 0:01:30]} d4 {[%emt 0:01:50]} 28. Bd2 {[%emt 0:00:32]} a5 {[%emt 0:01:18]} 29. b3 {[%emt 0:00:30]} a4 {[%emt 0:00:51]} 30. Kg3 {[%emt 0:02:58]} Ra7 {[%emt 0:02:36]} 31. Rh1 {[%emt 0:03:01]} Bb7 {[%emt 0:01:24]} 32. hxg6 {[%emt 0:07:15]} fxg6 {[%emt 0:00:09]} 33. Nf1 {[%emt 0:00:06]} Rda8 {[%emt 0:01:04]} 34. Kf2 {[%emt 0:00:47]} axb3 {[%emt 0:01:46]} 35. axb3 {[%emt 0:00:08]} Qd7 {[%emt 0:03:37]} 36. Rh4 {[%emt 0:03:01]} Ra2 {[%emt 0:01:36]} 37. Bc1 {[%emt 0:02:16]} Kg8 {[%emt 0:04:58]} 38. Bb2 {[%emt 0:00:36]} Qe7 {[%emt 0:01:44]} 39. Kg3 {[%emt 0:01:31]} Bxf3 {[%emt 0:01:23]} 40. Qxf3 {[%emt 0:00:47]} Nc7 {[%emt 0:01:17]} 41. Nd2 {[%emt 0:00:17]} Qe6 {[%emt 0:00:19]} 42. Qh1 {[%emt 0:00:49]} Qd7 {[%emt 0:00:27]} 43. Nc4 {[%emt 0:00:11]} R8a6 {[%emt 0:00:19]} 44. Qh2 {[%emt 0:01:46]} Nd5 {[%emt 0:00:56]} 45. Rh1 {[%emt 0:00:59]} Ra7 {[%emt 0:00:19]} 46. Bc1 {[%emt 0:01:08]} R2a6 {[%emt 0:00:47]} 47. Qg2 {[%emt 0:00:57]} Qe6 {[%emt 0:01:40]} 48. R1h2 {[%emt 0:00:38]} Rd7 {[%emt 0:03:14]} 49. Qh1 {[%emt 0:00:58]} Raa7 {[%emt 0:00:07]} 1/2-1/2

[Event "CHI-ch Women 2020"]
[Site "Las Condes"]
[Date "2020.02.13"]
[Round "3.7"]
[White "Abarca Gonzalez, Damaris"]
[Black "Melin Contreras, Valeria"]
[Result "1-0"]
[WhiteElo "2056"]
[BlackElo "1685"]
[Annotator "TA"]
[PlyCount "69"]
[EventDate "2020.02.11"]
[EventType "tourn"]
[EventCountry "CHI"]
[SourceTitle "playchess.com"]
[Source "ChessBase"]
[SourceQuality "1"]

{[%evp 9,68,47,54,42,83,58,73,72,78,69,89,64,62,57,59,46,72,59,102,102,92,96,120,112,151,141,170,152,301,307,346,352,399,393,406,314,512,481,577,575,583,577,575,505,613,584,555,454,1124,1118,1564,1606,1606,1555,1583,1513,2040,2079,29993,29994,29999]} 1. e4 d6 2. d4 Nf6 3. Bd3 g6 4. Nf3 a6 5. O-O Bg7 6. c3 {B07: Pirc Defence: Miscellaneous Systems.} Bg4 7. h3 Bxf3 8. Qxf3 {[#] White is better.} Nc6 $146 ({Predecessor:} 8... e5 9. Bg5 h6 10. Bh4 Nc6 11. d5 Nb8 12. Nd2 Nbd7 13. b4 O-O 14. Nc4 b6 {½-½ (77) Auburger,P (1973)-Heimrath,R (2299) Forchheim 2011}) 9. a4 {[%cal Ba2a4,Ba4a5][%mdl 32]} O-O 10. Be3 e5 11. d5 Ne7 12. g4 c6 {[%cal Rc6d5]} 13. c4 Qd7 14. a5 Ne8 15. Qg2 Kh8 16. Nc3 c5 17. Na4 {Hoping for Nb6.} Nc8 18. b4 {[%cal Bb2b4,Bb4c5][%mdl 32]} f5 (18... cxb4 $16 19. c5 f5) 19. bxc5 $18 f4 20. Bd2 Bf6 21. Rfb1 Bh4 22. Qf3 h5 $2 {[#]} (22... Qc7 {was necessary.} 23. Bb4 Kg8) 23. cxd6 Nexd6 24. Nc5 Qe7 25. Ne6 Rf6 26. c5 Rxe6 27. dxe6 Ne8 28. Bc3 Qxe6 (28... Qxc5 $142 29. Qxf4 Qxc3 30. Qf8+ {[%mdl 64] Double Attack} Kh7 31. Qxe8 Qxd3 32. Rxb7+ Ne7 33. Rxe7+ (33. Qxa8 Bxf2+ 34. Kxf2 Qd2+ 35. Kg3 Qe3+ 36. Kh2 Qe2+ 37. Kg1 Qe3+ 38. Kh1 Qf3+ 39. Kh2 Qe2+ 40. Kg1 Qe3+ 41. Kh1 Qf3+ 42. Kh2 Qe2+ $11) 33... Kh6) 29. Qxf4 Bf6 30. Qh6+ {[%mdl 64] [#] Double Attack} Kg8 31. Qxg6+ Ng7 32. g5 Ne7 33. Qxf6 Qxh3 34. Bc4+ Kh7 35. Qh6# {Accuracy: White = 85%, Black = 38%.} 1-0

[Event "CHI-ch Women 2020"]
[Site "Las Condes"]
[Date "2020.02.13"]
[Round "3.8"]
[White "Reyes Jara, Paula"]
[Black "Zuniga Lara, Catalina Paz"]
[Result "1/2-1/2"]
[WhiteElo "1860"]
[BlackElo "1712"]
[Annotator "NA RC"]
[PlyCount "36"]
[EventDate "2020.02.11"]
[EventType "tourn"]
[EventCountry "CHI"]
[SourceTitle "playchess.com"]
[Source "ChessBase"]
[SourceQuality "1"]
[TimeControl "5400+30"]

{[%evp 8,36,50,47,43,43,53,27,37,0,62,48,73,67,77,56,54,43,73,-140,-152,-147,-36,-95,-105,-127,-30,-25,-26,-191,-181]} 1. e4 {[%emt 0:00:00]} g6 {[%emt 0:00:53]} 2. d4 {[%emt 0:00:46]} Bg7 {[%emt 0:00:48]} 3. Nf3 {[%emt 0:00:32]} d6 {[%emt 0:00:41]} 4. Be2 {[%emt 0:02:46]} Nd7 {[%emt 0:01:20]} 5. O-O {[%emt 0:11:02]} Ngf6 {[%emt 0:00:32]} 6. Nc3 {[%emt 0:02:50]} O-O {[%emt 0:01:56]} 7. Bg5 {[%emt 0:02:43]} h6 {[%emt 0:09:19]} 8. Bf4 {[%emt 0:03:21]} Nh5 {[%emt 0:01:45]} 9. Be3 {[%emt 0:00:30]} e5 {[%emt 0:00:53]} 10. Qd2 {[%emt 0:00:45]} Kh7 {[%emt 0:02:20]} 11. dxe5 {[%emt 0:02:59]} dxe5 {[%emt 0:04:22]} 12. Rad1 {[%emt 0:00:09]} c6 {[%emt 0:00:10]} 13. Nxe5 $2 {[%emt 0:12:58]} (13. Rfe1 $14 {stays ahead.}) 13... Bxe5 {[%emt 0:03:07]} 14. Bxh5 {[%emt 0:00:08]} Qh4 {[%emt 0:01:06]} ({Black should try} 14... gxh5 $19 15. f4 Bg7) 15. Bxg6+ {[%emt 0:01:54]} (15. f4 $15 Bxc3 16. Qxc3 Qxh5 17. f5) 15... fxg6 {[%emt 0:04:54]} 16. f4 {[%emt 0:01:05]} Bxc3 {[%emt 0:03:23]} (16... Bg7 $17 17. e5 Nb6) 17. Qxc3 {[%emt 0:01:08]} Nf6 {[%emt 0:00:56]} 18. g3 $2 {[%emt 0:08:15] [#]} (18. Bf2 $11 {and White stays safe.} Qg4 19. Qb4) 18... Qh5 $19 {[%emt 0:03:05]} ({Stronger than} 18... Nxe4 19. Qb4 $11 (19. gxh4 Nxc3 20. bxc3 b6 $11)) 1/2-1/2

[Event "CHI-ch Women 2020"]
[Site "Las Condes"]
[Date "2020.02.13"]
[Round "3.9"]
[White "Gomez Barrera, Javiera Belen"]
[Black "Fuentes Inzunza, Lesly"]
[Result "1/2-1/2"]
[WhiteElo "2051"]
[BlackElo "1851"]
[Annotator "TA"]
[PlyCount "58"]
[EventDate "2020.02.11"]
[EventType "tourn"]
[EventCountry "CHI"]
[SourceTitle "playchess.com"]
[Source "ChessBase"]
[SourceQuality "1"]

{[%evp 9,58,52,45,47,45,28,41,38,42,22,27,12,40,31,38,0,0,8,8,-2,37,16,29,37,39,14,21,27,22,22,25,4,10,10,23,2,2,2,2,2,3,2,4,2,0,0,0,0,0,0,11]} 1. e4 d5 2. exd5 Qxd5 3. Nc3 Qd8 4. d4 Nf6 5. Bc4 g6 6. Nf3 {B01: Scandinavian Defence.} Bg7 7. h3 O-O 8. O-O {White is slightly better.} Nc6 9. a3 e6 {[#]} 10. Ba2 $146 ({Predecessor:} 10. Bg5 h6 11. Bf4 Nh5 12. Be3 Nf6 13. Qd2 Kh7 14. Qd3 Nd5 15. Bd2 Nb6 16. Be3 Nxc4 17. Qxc4 {½-½ (60) Funk,P (2159)-Oelze,J (1854) Badenweiler 2009}) 10... a6 11. Qd3 b6 12. Be3 Bb7 13. Rad1 Ne7 14. Bf4 Ned5 15. Be5 Nh5 16. Nxd5 exd5 17. Bxg7 Nxg7 18. Ne5 Qd6 19. Rfe1 Rae8 20. Qf3 Nf5 21. c3 f6 22. Ng4 Kg7 {The position is equal.} 23. Ne3 Nxe3 24. Rxe3 Rxe3 25. Qxe3 Bc6 26. Re1 Re8 27. Qd2 Rxe1+ 28. Qxe1 Bd7 29. Qe3 Qe6 {Accuracy: White = 90%, Black = 90%.} 1/2-1/2

[Event "CHI-ch Women 2020"]
[Site "Las Condes"]
[Date "2020.02.13"]
[Round "3.10"]
[White "Morales Flores, Monserrat"]
[Black "Luna Benalcazar, Gianella"]
[Result "1-0"]
[WhiteElo "1955"]
[BlackElo "1756"]
[Annotator "TA"]
[PlyCount "53"]
[EventDate "2020.02.11"]
[EventType "tourn"]
[EventCountry "CHI"]
[SourceTitle "playchess.com"]
[Source "ChessBase"]
[SourceQuality "1"]

{[%evp 12,88,6,0,41,27,41,44,102,57,110,85,89,64,106,99,92,111,116,58,143,107,121,66,112,85,85,79,93,88,122,113,129,104,303,228,401,138,152,137,139,68,133,130,134,157,129,79,96,79,107,102,111,67,75,64,66,66,65,41,44,0,60,56,75,75,77,76,1090,931,910,906,29984,29985,29978,1790,29998,29999,29999]} 1. e4 e6 2. d4 d5 3. Nc3 Nf6 4. e5 Nfd7 5. f4 c5 6. Nf3 Nc6 7. Be3 c4 {C11: French: Classical System: 4 e5 and 4 Bg5 dxe4.} 8. Be2 Be7 9. O-O f6 (9... b5 $14) 10. a3 Qb6 (10... O-O $14) 11. Qd2 {[#]} O-O $146 ({Predecessor:} 11... a6 12. b3 cxb3 13. cxb3 Na5 14. Rfb1 Qd8 15. b4 Nc6 16. Rf1 Nb6 17. exf6 Bxf6 {1-0 (41) Constantinou,A-Roumbas,N Cyprus 1998}) 12. Kh1 f5 13. b3 cxb3 14. cxb3 Qd8 15. b4 (15. Rg1 $16) 15... b6 ({Better is} 15... Nb6 $14) 16. Rfc1 Bb7 17. Nd1 (17. Rg1 $16) 17... Rc8 18. Nb2 Re8 19. h3 g6 20. Kh2 Kg7 21. g4 Rh8 22. gxf5 gxf5 $2 {[#]} (22... exf5 $16 23. Bd3 Qe8) 23. Rg1+ Kf7 $2 (23... Kf8 {keeps fighting.} 24. Ng5 Bxg5) 24. Rg2 $2 (24. b5 $18 {is more deadly.}) 24... Nf8 $16 25. Rag1 {Hoping for Rg7+.} Ng6 26. Ne1 (26. Bf2 $16) 26... Bh4 (26... Ke8 $14) 27. Na4 {Played: Be2-h5} 1-0

[Event "CHI-ch Women 2020"]
[Site "Las Condes"]
[Date "2020.02.14"]
[Round "4.6"]
[White "Hormazabal Figueroa, Constanza Valentina"]
[Black "Luna Benalcazar, Gianella"]
[Result "0-1"]
[WhiteElo "1786"]
[BlackElo "1756"]
[Annotator "NA RC"]
[PlyCount "86"]
[EventDate "2020.02.11"]
[EventType "tourn"]
[EventCountry "CHI"]
[SourceTitle "playchess.com"]
[Source "ChessBase"]
[SourceQuality "1"]
[TimeControl "5400+30"]

1. d4 {[%emt 0:02:04]} Nf6 {[%emt 0:00:00]} 2. Nf3 {[%emt 0:00:29]} g6 {[%emt 0:00:32]} 3. c4 {[%emt 0:00:11]} Bg7 {[%emt 0:00:14]} 4. Nc3 {[%emt 0:00:13]} b6 {[%emt 0:00:38]} 5. g3 {[%emt 0:00:33]} Bb7 {[%emt 0:00:24]} 6. Bg2 {[%emt 0:00:19]} O-O {[%emt 0:02:10]} 7. O-O {[%emt 0:00:08]} d6 {[%emt 0:00:46]} 8. Qc2 {[%emt 0:00:40]} e6 {[%emt 0:05:11]} 9. Rd1 {[%emt 0:02:19]} Qe7 {[%emt 0:02:48]} 10. e4 {[%emt 0:06:43]} Ne8 {[%emt 0:06:52]} 11. Bg5 {[%emt 0:01:43]} f6 {[%emt 0:04:45]} 12. Be3 {[%emt 0:01:33]} Nd7 {[%emt 0:02:05]} 13. Qd2 {[%emt 0:04:40]} Rd8 {[%emt 0:03:37]} 14. Bh6 {[%emt 0:01:16]} Ba8 {[%emt 0:04:40]} 15. Rac1 {[%emt 0:03:21]} Kh8 {[%emt 0:11:03]} 16. Be3 {[%emt 0:04:24]} Rb8 {[%emt 0:02:57]} 17. Ne1 {[%emt 0:12:58]} f5 {[%emt 0:04:08]} 18. Bg5 {[%emt 0:01:40]} Qf7 {[%emt 0:02:18]} 19. exf5 {[%emt 0:02:38]} gxf5 {[%emt 0:02:27]} 20. Bxa8 {[%emt 0:10:02]} Rxa8 {[%emt 0:00:06]} 21. Ng2 {[%emt 0:00:09]} e5 {[%emt 0:06:31]} 22. dxe5 {[%emt 0:00:33]} Nxe5 {[%emt 0:00:53]} 23. Qe2 {[%emt 0:02:29]} Nxc4 {[%emt 0:05:22]} 24. Be7 {[%emt 0:04:36]} Rg8 {[%emt 0:01:28]} 25. Nd5 {[%emt 0:03:31]} Nxb2 {[%emt 0:06:11]} 26. Rd2 {[%emt 0:01:29]} c5 {[%emt 0:03:10]} 27. Ngf4 {[%emt 0:05:35]} Na4 {[%emt 0:05:15]} 28. Qc4 {[%emt 0:02:42]} b5 {[%emt 0:04:00]} 29. Qxb5 {[%emt 0:02:04]} Nc3 {[%emt 0:03:46]} 30. Qc6 {[%emt 0:07:41]} Nxd5 {[%emt 0:01:09]} 31. Nxd5 {[%emt 0:07:21]} Rb8 {[%emt 0:01:58]} 32. Bxd6 {[%emt 0:00:39]} Nxd6 {[%emt 0:01:13]} 33. Qxd6 {[%emt 0:00:16]} Bd4 {[%emt 0:00:39]} 34. Nf4 {[%emt 0:01:15]} Rb6 {[%emt 0:01:25]} 35. Qd5 {[%emt 0:01:02]} Qf6 {[%emt 0:02:22]} 36. Nh5 {[%emt 0:01:16]} Qh6 {[%emt 0:03:04]} 37. Rxd4 {[%emt 0:01:23]} Qxc1+ {[%emt 0:00:27]} 38. Rd1 {[%emt 0:01:01]} Qb2 {[%emt 0:00:43]} 39. Rd2 {[%emt 0:00:41]} Qc3 {[%emt 0:00:45]} 40. Rd3 {[%emt 0:01:22]} Rb1+ {[%emt 0:00:24]} 41. Kg2 {[%emt 0:00:45]} Qe1 {[%emt 0:00:26]} 42. Kh3 {[%emt 0:01:18]} Qf1+ {[%emt 0:00:18]} 43. Qg2 {[%emt 0:00:44]} Qxd3 {[%emt 0:00:09]} 0-1

[Event "CHI-ch Women 2020"]
[Site "Las Condes"]
[Date "2020.02.14"]
[Round "4.7"]
[White "Fuentes Inzunza, Lesly"]
[Black "Morales Flores, Monserrat"]
[Result "1/2-1/2"]
[WhiteElo "1851"]
[BlackElo "1955"]
[Annotator "TA"]
[PlyCount "58"]
[EventDate "2020.02.11"]
[EventType "tourn"]
[EventCountry "CHI"]
[SourceTitle "playchess.com"]
[Source "ChessBase"]
[SourceQuality "1"]

{[%evp 14,58,0,-10,-6,-7,-9,-12,-11,-22,-21,-25,-16,-57,-31,-28,-22,-20,-7,-47,-11,-41,-16,-36,-2,-34,25,-7,14,-9,0,0,11,-7,-15,-16,2,0,0,-39,0,0,0,-25,0,-168,1269]} 1. d4 Nf6 2. Nf3 g6 3. Bf4 Bg7 4. e3 O-O 5. Be2 d6 6. h3 b6 7. O-O Bb7 8. c4 Nbd7 {A48: 1 d4 Nf6 2 Nf3 g6: Torre, London and Colle Systems.} 9. Bh2 Ne4 10. Nbd2 Nxd2 {The position is equal.} 11. Qxd2 e5 12. Rfd1 Qe7 13. d5 {[#]} h6 $146 ({Predecessor:} 13... a5 14. Rab1 Nc5 15. b3 Bc8 16. a3 f5 17. b4 Ne4 18. Qc2 Bd7 19. Rdc1 axb4 20. axb4 {0-1 (29) Slanina,M (2153)-Karlik,V (2306) Czechia 2012}) 14. b4 a5 15. a3 f5 16. Qc2 Nf6 17. Rac1 axb4 18. axb4 Ne4 19. Ra1 Ng5 (19... Qf7 $15) 20. Rxa8 Rxa8 21. Nd2 Qd7 22. h4 Nf7 23. e4 Qa4 24. Qc3 f4 25. Nb3 Qa2 $36 {[%mdl 2048] Black has the initiative.} 26. Rd2 Qb1+ 27. Rd1 Qa2 28. Rd2 Qa4 29. c5 $2 {[#]} (29. Rd1 $11) 29... Qa1+ $4 {[%mdl 40960] Accuracy: White = 68%, Black = 62%. . An unexpected result.} (29... bxc5 $19 30. g3 cxb4 31. Qxc7 Qxb3 32. Qxb7 Ra1+ 33. Kg2 Qc3) 1/2-1/2

[Event "CHI-ch Women 2020"]
[Site "Las Condes"]
[Date "2020.02.14"]
[Round "4.8"]
[White "Zuniga Lara, Catalina Paz"]
[Black "Gomez Barrera, Javiera Belen"]
[Result "0-1"]
[WhiteElo "1712"]
[BlackElo "2051"]
[Annotator "TA"]
[PlyCount "82"]
[EventDate "2020.02.11"]
[EventType "tourn"]
[EventCountry "CHI"]
[SourceTitle "playchess.com"]
[Source "ChessBase"]
[SourceQuality "1"]

{[%evp 16,82,39,0,11,7,31,21,64,34,31,6,13,3,10,12,19,-32,-20,-46,-17,-141,-51,-109,-104,-145,-161,-153,-143,-137,-112,-127,-112,-105,-94,-94,-108,-82,-92,-106,-129,-134,-75,-355,-175,-169,-165,-170,-167,-197,-161,-156,-148,-146,-121,-145,-153,-326,-326,-315,-304,-311,-326,-285,-174,-610,-598,-594,-593]} 1. d4 Nf6 2. Nf3 g6 3. c4 Bg7 4. Nc3 O-O 5. e4 d6 6. Be2 e5 7. dxe5 dxe5 8. O-O c6 9. Qc2 {9.Nxe5 is a critical line.} Qe7 {E94: King's Indian: Classical: 6 Be2 e5 7 0-0: Various Black 7th moves.} 10. Rd1 {[#]} h6 $146 ({Predecessor:} 10... Na6 11. a3 Bg4 12. Be3 Nc5 13. h3 Bxf3 14. Bxf3 Ne6 15. Rd2 Rfd8 16. Rad1 Rxd2 17. Rxd2 Nd7 18. Ne2 h5 {½-½ (37) Clever,H (2505)-Boyd,S (2449) ICCF email 2009}) 11. h3 Ne8 {The position is equal.} 12. Bf1 Nc7 13. a3 Ne6 14. Be3 f5 15. exf5 gxf5 16. Ne2 (16. c5 $11) 16... f4 17. Bd2 Nc5 18. Bb4 {[#]} (18. b4 $1 $11 e4 19. Nfd4) 18... Bf5 (18... Nba6 $1 $17 {...e4 is the strong threat.} 19. Qg6 e4) 19. Qd2 (19. Bxc5 $1 $15 Qxc5 20. Qb3) 19... Nba6 $17 {[%cal Bb8a6,Ba6c5,Bc5e4][%mdl 32]} 20. Bxc5 Nxc5 ({Don't play} 20... Qxc5 21. Nh4 $17) 21. Qd6 Qxd6 22. Rxd6 Ne4 23. Rdd1 Rfd8 24. b4 b6 25. g3 fxg3 26. fxg3 Be6 $36 {[%mdl 2048] Keeping White busy.} 27. Rxd8+ Rxd8 28. Rc1 Nd2 (28... h5 $142 29. a4 c5 30. bxc5 bxc5) 29. Kf2 $2 {[%mdl 8192] [#]} (29. Nxd2 $17 Rxd2 30. Nc3) 29... Nxf3 (29... Rf8 $142 30. Nf4 Ne4+ 31. Ke3 exf4+ 32. Kxe4 Bb2) 30. Kxf3 $19 Rd3+ 31. Ke4 Rxa3 32. Nc3 Rb3 33. b5 cxb5 34. cxb5 Rb4+ 35. Kf3 Bf8 36. Re1 $2 (36. g4 $17) 36... Rb3 37. Re3 Bc5 38. Rd3 Bd4 39. Ne4 Rb2 {aiming for ...Bd5.} 40. Nf6+ $2 (40. Rd2) 40... Kf7 41. Ne4 Bd5 {Accuracy: White = 47%, Black = 67%.} 0-1